000 02757nam a2200313 a 4500
001 18076494
008 190520s2014 ||||||||||||||||| || u
010 _a2014003508
020 _a9780124171572 (paperback)
050 _aHV 8079.C65 Car
100 _aCarvey, Harlan
245 1 0 _aWindows forensic analysis toolkit : advanced analysis techniques for Windows 8 (4th edition)
_cHarlan Carvey
250 _aFourth edition
260 _aAmsterdam ; Boston
_bSyngress
_c2014
260 _aAmsterdam ; Boston
_bElsevier
_c2014
300 _axxi, 321 pages
337 _aunmediated
338 _avolume
_2rdacarrier
500 _aRevised edition of the author's Windows forensic analysis toolkit : advanced analysis techniques for Windows 7, 3rd ed. Includes index.
505 _aMachine generated contents note: Analysis Concepts Immediate Response Volume Shadow Copies File Analysis Registry Analysis Malware Detection Timeline Analysis Application Analysis Reporting .
520 _a"When I sat down to update the material for this edition, I wanted to not only include new information that I'd found or developed since the third edition was published, but I also wanted to try to include as much information as possible regarding Windows 8 and 8.1. With Windows 8.1 becoming available while I was updating the book, the inevitable questions were being asked, and invariably it won't be long before we start seeing the systems appear on analyst's workbenches. As such, I've tried to provide as much information as I could with respect to newer versions of Windows (i.e., 8 and 8.1), either by writing it directly into the book or linking to the sources of information on the Internet, when attempting to summarize it would simply not do the content justice. Keep in mind, however, that new information is being discovered and developed all the time, and at some point, I needed to stop writing and submit the book for final review and publishing. I'm sure that even more information will become available during the time between when the book goes to the printer, and when it actually comes out on the shelves at bookstores"-- Provided by publisher.
650 0 _aCOMPUTER SECURITY
650 _aMICROSOFT WINDOWS (COMPUTER FILE)--SECURITY MEASURES
650 0 _aINTERNET-SECURITY MEASURES
650 0 _aCOMPUTER NETWORKS--SECURITY MEASURES
995 _aMAIN LIBRARY OPEN ACCESS
_D58.56
_e749053
_FCBU-MAIN LIBRARY (Kitwe)
_I58.56
_jHV 8079.C65 Car
_M2
_UAVAILABLE
_WMay 20, 2019
_y749053
_ZMain Library Open Access Collection
995 _aMAIN LIBRARY OPEN ACCESS
_D58.56
_e749052
_FCBU-MAIN LIBRARY (Kitwe)
_I58.56
_jHV 8079.C65 Car
_M1
_UAVAILABLE
_WMay 20, 2019
_y749052
_ZMain Library Open Access Collection
999 _c83136
_d83136